When did these major events happen? PICTURE QUIZ - Statistics

General Stats
  • This quiz has been taken 47 times
  • The average score is 6 of 12
Answer Stats
Picture Hint Answer % Correct
"I have a dream" 1963
88%
Diana died 1997
81%
Becoming President 1994
69%
England World Cup Winners 1966
64%
Woodstock 1969
64%
Tianaman Square massacre 1989
62%
No longer a planet 2006
55%
On the Ed Sullivan Show 1964
50%
When they opened officially 1973
43%
"..here is the paper...." 1938
31%
"The Immaculate Reception" 1972
21%
BBC radio first broadcast 1922
12%
No matching quizzes found
Score Distribution
Percent of People with Each Score
Percentile by Number Answered
Your Score History
You have not taken this quiz